| 000 | 01630cam a22002658i 4500 | ||
|---|---|---|---|
| 999 |
_c14225 _d14225 |
||
| 003 | OSt | ||
| 005 | 20260304185928.0 | ||
| 008 | 210729s2022 flu b 001 0 eng | ||
| 020 |
_a9781032015033 _q(hardback) |
||
| 042 | _apcc | ||
| 050 | 0 | 0 |
_aTA556.M38 _bA48 2022 |
| 082 | 0 | 0 |
_a526.90285 _223/eng/20211006 |
| 100 | 1 |
_aAlves, Marcelo de Carvalho, _eauthor. |
|
| 245 | 1 | 0 |
_aSurveying with geomatics and R / _cMarcelo de Carvalho Alves and Luciana Sanches. |
| 263 | _a2201 | ||
| 300 | _apages cm | ||
| 504 | _aIncludes bibliographical references and index. | ||
| 520 | _a"This book explains basic concepts of surveying science and techniques with geomatics using R and R packages. It engages students in learning about surveying through real field examples and using differing degrees of complexity while exploring surveying problems based on field observations and advanced geospatial technology. It includes a wide range of case studies as hands-on and self-paced tutorials along with detailed computer programming routines that are linked to the theories and applications explained in each chapter. This innovative textbook teaches also how to explore other possibilities of using geomatics in geocomputation, remote sensing, geography, and cartography courses focused on surveying tasks"-- | ||
| 650 | 0 |
_aSurveying _xData processing. |
|
| 650 | 0 | _aGeomatics. | |
| 650 | 0 | _aR (Computer program language) | |
| 700 | 1 |
_aSanches, Luciana, _eauthor. |
|
| 776 | 0 | 8 |
_iOnline version: _aAlves, Marcelo de Carvalho. _tSurveying with Geomatics and R _dBoca Raton : CRC Press, [2022] _z9781003184263 _w(DLC) 2021036435 |
| 942 | _2ddc | ||